<?xml version="1.0" encoding="UTF-8"?><?xml-stylesheet type="text/xsl" href="static/style.xsl"?><OAI-PMH xmlns="http://www.openarchives.org/OAI/2.0/" xmlns:xsi="http://www.w3.org/2001/XMLSchema-instance" xsi:schemaLocation="http://www.openarchives.org/OAI/2.0/ http://www.openarchives.org/OAI/2.0/OAI-PMH.xsd"><responseDate>2026-04-13T01:09:48Z</responseDate><request verb="GetRecord" identifier="oai:www.recercat.cat:2099.1/13266" metadataPrefix="marc">https://recercat.cat/oai/request</request><GetRecord><record><header><identifier>oai:recercat.cat:2099.1/13266</identifier><datestamp>2025-07-22T19:34:18Z</datestamp><setSpec>com_2072_1033</setSpec><setSpec>col_2072_452951</setSpec></header><metadata><record xmlns="http://www.loc.gov/MARC21/slim" xmlns:dcterms="http://purl.org/dc/terms/" xmlns:xsi="http://www.w3.org/2001/XMLSchema-instance" xmlns:doc="http://www.lyncode.com/xoai" xsi:schemaLocation="http://www.loc.gov/MARC21/slim http://www.loc.gov/standards/marcxml/schema/MARC21slim.xsd">
   <leader>00925njm 22002777a 4500</leader>
   <datafield ind2=" " ind1=" " tag="042">
      <subfield code="a">dc</subfield>
   </datafield>
   <datafield ind2=" " ind1=" " tag="720">
      <subfield code="a">Ortega Serra, Núria</subfield>
      <subfield code="e">author</subfield>
   </datafield>
   <datafield ind2=" " ind1=" " tag="260">
      <subfield code="c">2007-07</subfield>
   </datafield>
   <datafield ind2=" " ind1=" " tag="520">
      <subfield code="a">La temàtica d’aquest projecte es centra en el camp de la bioestadística. El CEEISCAT&#xd;
coordina, entre d’altres estudis de recerca, una cohort de pacients infectats pel VIH&#xd;
anomenada Projecte per a la Informatització del Seguiment Clínico-epidemiològic de la&#xd;
Infecció per VIH i SIDA (PISCIS). Aquest és el projecte amb el que es realitza l’anàlisi.&#xd;
Per tal d’estudiar les dades de la Cohort es fa ús de les tècniques de supervivència. Es&#xd;
va triar aquesta tècnica per dos motius: el primer, encara que en la diplomatura no&#xd;
s’estudien directament aquests anàlisis per a un bioestadístic és molt necessari tenir&#xd;
coneixement d’aquestes tècniques en cas de treballar com a tal; el segon, per&#xd;
superació personal i ganes d’aprendre aquesta tècnica gràcies a la motivació que em&#xd;
van donar en un seminari els integrants del Grup de Recerca per l’Anàlisi de la&#xd;
Supervivència (GRASS). Les tècniques aplicades d’aquest anàlisi és una descriptiva&#xd;
mitjançant l’estimador de Kaplan-Meier, algunes comparacions entre corbes i una&#xd;
regressió amb el model de Cox per a trobar possibles relacions de la funció de risc&#xd;
amb les variables d’interès i els factors.&#xd;
El software estadístic utilitzat ha estat el SAS de tal forma s’obté l’anàlisi dins d’un&#xd;
programa tancat. D’una banda, s’ha realitzar tota la preparació de les dades amb l’ús&#xd;
del llenguatge relacionat SQL hostatjat al SAS. D’altre banda, s’ha utilitzat el paquet&#xd;
estadístic per a realitzar l’anàlisi.</subfield>
   </datafield>
   <datafield tag="653" ind2=" " ind1=" ">
      <subfield code="a">Àrees temàtiques de la UPC::Matemàtiques i estadística::Estadística aplicada::Estadística biosanitària</subfield>
   </datafield>
   <datafield tag="653" ind2=" " ind1=" ">
      <subfield code="a">HIV antibodies--Analysis</subfield>
   </datafield>
   <datafield tag="653" ind2=" " ind1=" ">
      <subfield code="a">AIDS (Disease)--Treatment</subfield>
   </datafield>
   <datafield tag="653" ind2=" " ind1=" ">
      <subfield code="a">Estadística mèdica</subfield>
   </datafield>
   <datafield tag="653" ind2=" " ind1=" ">
      <subfield code="a">Sida</subfield>
   </datafield>
   <datafield tag="653" ind2=" " ind1=" ">
      <subfield code="a">Classificació AMS::62 Statistics::62P Applications</subfield>
   </datafield>
   <datafield ind2="0" ind1="0" tag="245">
      <subfield code="a">Anàlisi de la progressió a sida o mort en els pacients infectats per l'HIV que inicien tractament antiretroviral d'alta eficàcia de la Cohort PISCIS : 1998-2004</subfield>
   </datafield>
</record></metadata></record></GetRecord></OAI-PMH>